000 00300nam a2200121Ia 4500
005 20251222144725.0
008 251222s9999||||xx |||||||||||||| ||spa||
082 _a001.42/L12
100 _aLabarca C., Alexis
245 0 _aMétodos de Investigación en Educación
264 _bSIBUMCE
942 _cLIB
999 _c18357
_d18357